000 00611nam a2200181 a 4500
001 000037184
005 20200930080208.0
008 120224s1981 mx 000 0 spa d
040 _aDO-SdBNP
_bspa
_cBNPHU
082 _axxx
_bE57a
100 1 _aEngels, Federico
_963499
245 1 0 _aAnti-Duhring :
_bla subversión de la ciencia por el señor Eugen Duhring /
_cFederico Engels.
246 1 0 _aHerrn Eugens Duhrings umwalzung der wissenschaft
260 _aMéxico :
_bGrijalbo,
_c1981.
300 _a347 p. ;
_c23 cm.
500 _aIncluye notas al pie de las páginas
500 _aTraducido del idioma inglés
999 _c36674
_d36674